An evaluation of the language learning outcomes in the new elementary school curriculum of the Philippines /
Saved in:
| 主要作者: | |
|---|---|
| 格式: | Thesis 圖書 |
| 語言: | English |
| 出版: |
1985
|
| 主題: | |
| 標簽: |
添加標簽
沒有標簽, 成為第一個標記此記錄!
|
| LEADER | 01212cam a2200337 4500 | ||
|---|---|---|---|
| 001 | u52805 | ||
| 003 | SIRSI | ||
| 008 | 871222s1985 si v 0 eng | ||
| 015 | |a X870081678 | ||
| 035 | |a AAF-6772 | ||
| 040 | |a UMM | ||
| 043 | |a a-ph--- | ||
| 050 | 1 | |a LA1294 | |
| 090 | 0 | 0 | |a LA1294 |b Gol |
| 100 | 1 | 0 | |a Golez, Ma. Nenita |
| 245 | 1 | 3 | |a An evaluation of the language learning outcomes in the new elementary school curriculum of the Philippines / |c Ma. Nenita T. Golez |
| 260 | |c 1985 | ||
| 300 | |a vii, 152 leaves : |b ill. ; |c 30cm | ||
| 500 | |a Photocopy | ||
| 502 | |a Dissertation (M.A.) -- National University of Singapore, 1986 | ||
| 504 | 0 | 0 | |a Bibliography: leaves 143-152 |
| 650 | 0 | |a Education, Elementary |z Philippines |x Curricula | |
| 650 | 0 | |a Education, Elementary |z Philippines |x Evaluation | |
| 650 | 0 | |a Education, Bilingual |z Philippines | |
| 650 | 0 | |a English language |x Study and teaching (Elementary) |z Philippines | |
| 650 | 0 | |a Tagalog language |x Study and teaching (Elementary) |z Philippines | |
| 984 | |c Closed Stacks f LA1294.Gol@101035806 | ||
| 998 | 0 | 0 | |a UMM |
| 948 | |a 16/03/1991 |b 28/08/2002 | ||
| 596 | |a 1 | ||
| 999 | |a LA1294 GOL |w LC |c 1 |i A010358062 |l STACKS |m P01UTAMA |r Y |s Y |t TESIS |u 24/1/1992 | ||
